[Event "Wiesbaden op 30th"]
[Site "Wiesbaden"]
[Date "2018.08.26"]
[Round "6"]
[White "Henrich, Thomas"]
[Black "Held, Carsten"]
[Result "1/2-1/2"]
[WhiteElo "2193"]
[BlackElo "2070"]
[PlyCount "62"]
[EventDate "2018.08.23"]
[EventType "swiss"]
[EventRounds "7"]
[EventCountry "GER"]
[SourceTitle "CBM 186 Extra"]
[Source "ChessBase"]
[SourceDate "2018.08.24"]
[SourceVersion "1"]
[SourceVersionDate "2018.08.24"]
[SourceQuality "1"]

1. d4 Nf6 2. c4 c5 3. d5 b5 4. cxb5 a6 5. bxa6 g6 6. Nc3 Bxa6 7. Nf3 d6 8. e4 Bxf1 9. Kxf1 Nbd7 10. g3 Bg7 11. Kg2 0-0 12. a4 Qb6 13. Qe2 Qb7 14. Bd2 Rfb8 15. Nb5 Ne8 16. Bc3 Nc7 17. Nxc7 Qxc7 18. Bxg7 Kxg7 19. Rhb1 Rb4 20. b3 c4 21. Qc2 Qc5 22. Qc3+ Kg8 23. Nd2 cxb3 24. Rxb3 Rbxa4 25. Rxa4 Rxa4 26. Qb2 Qd4 27. f3 Nc5 28. Rb8+ Kg7 29. g4 Qxb2 30. Rxb2 Nd3 31. Rb3 Nc5 1/2-1/2

[Event "Wiesbaden op 30th"]
[Site "Wiesbaden"]
[Date "2018.08.23"]
[Round "1"]
[White "Held, Carsten"]
[Black "Donecker, Stefan"]
[Result "1-0"]
[WhiteElo "2070"]
[BlackElo "1754"]
[PlyCount "99"]
[EventDate "2018.08.23"]
[EventType "swiss"]
[EventRounds "7"]
[EventCountry "GER"]
[SourceTitle "CBM 186 Extra"]
[Source "ChessBase"]
[SourceDate "2018.08.24"]
[SourceVersion "1"]
[SourceVersionDate "2018.08.24"]
[SourceQuality "1"]

1. Nf3 Nf6 2. c4 e6 3. g3 d5 4. Bg2 Be7 5. 0-0 0-0 6. b3 c6 7. Bb2 b6 8. d4 Bb7 9. Qd3 Ne4 10. Nfd2 f5 11. f3 Nxd2 12. Nxd2 c5 13. e3 Nc6 14. Rad1 Bf6 15. Ba3 Nb4 16. Bxb4 cxb4 17. f4 g6 18. Rc1 Rc8 19. Rc2 Rf7 20. Rfc1 Rfc7 21. Qe2 a5 22. Bf3 b5 23. Qg2 Qd7 24. c5 Bc6 25. g4 Rd8 26. Be2 Qe8 27. Bd3 Bg7 28. Rf1 Rf7 29. Rf3 Rdd7 30. Rh3 Ra7 31. Nf3 Bf6 32. Kh1 Rg7 33. Rh6 Bd8 34. Qh3 Rab7 35. Rg2 Bc7 36. Ng5 Bd8 37. gxf5 Bxg5 38. Rxg5 exf5 39. Bxf5 Bd7 40. Bxd7 Qxd7 41. Qf3 Re7 42. Rxd5 Qe8 43. Rh3 a4 44. f5 axb3 45. axb3 Ra7 46. Rg3 Ra1+ 47. Kg2 Ra2+ 48. Kh3 Re4 49. fxg6 Qc8+ 50. Qf5 1-0

[Event "Staufer op-A 30th"]
[Site "Schwaebisch Gmuend"]
[Date "2018.01.03"]
[Round "3"]
[White "Britsch, Benjamin"]
[Black "Held, Carsten"]
[Result "1-0"]
[WhiteElo "1844"]
[BlackElo "2099"]
[PlyCount "79"]
[EventDate "2018.01.02"]
[EventType "swiss"]
[EventRounds "9"]
[EventCountry "GER"]
[SourceTitle "CBM 182 Extra"]
[Source "ChessBase"]
[SourceDate "2018.02.23"]
[SourceVersion "1"]
[SourceVersionDate "2018.02.23"]
[SourceQuality "1"]

1. d4 Nf6 2. Bg5 Ne4 3. Bf4 c5 4. f3 Qa5+ 5. c3 Nf6 6. d5 d6 7. e4 g6 8. a4 Qc7 9. Na3 Nbd7 10. Nc4 b6 11. Ne2 a6 12. Nc1 Rb8 13. Na3 Bg7 14. Qd2 h6 15. Be2 g5 16. Be3 Nf8 17. Nd3 Ng6 18. Nf2 e6 19. dxe6 fxe6 20. Bc4 0-0 21. 0-0-0 Ne8 22. Qe2 Bd7 23. Bb3 b5 24. axb5 axb5 25. Bc2 Qa5 26. Bxc5 dxc5 27. Rxd7 Bxc3 28. Ng4 Bg7 29. e5 Nh4 30. Rhd1 c4 31. Re7 c3 32. Qd3 Nf5 33. Rxe6 cxb2+ 34. Kxb2 Qb4+ 35. Bb3 Kh8 36. Nc2 Qa5 37. Qd7 Ned6 38. Rdxd6 Nxd6 39. Qxd6 b4 40. Rxh6+ 1-0

[Event "Heusenstamm Sparkassen op-A 4th"]
[Site "Heusenstamm"]
[Date "2017.11.26"]
[Round "6"]
[White "Held, Carsten"]
[Black "Osmanodja, Filiz"]
[Result "0-1"]
[WhiteElo "2070"]
[BlackElo "2242"]
[PlyCount "116"]
[EventDate "2017.11.23"]
[EventType "swiss"]
[EventRounds "7"]
[EventCountry "GER"]
[SourceTitle "EXT 2019"]
[Source "ChessBase"]
[SourceDate "2018.10.10"]
[SourceVersion "1"]
[SourceVersionDate "2018.10.10"]
[SourceQuality "1"]

1. Nf3 c5 2. c4 Nc6 3. g3 g6 4. Bg2 Bg7 5. Nc3 e6 6. d3 Nge7 7. 0-0 0-0 8. Bg5 h6 9. Bd2 d5 10. Qc1 Kh7 11. Rb1 d4 12. Na4 b6 13. a3 a5 14. Qc2 Bd7 15. Ra1 Qc7 16. Rfb1 Ra6 17. Ne1 Qa7 18. b3 e5 19. Nb2 f5 20. Nd1 f4 21. Qc1 Qc7 22. Nc2 fxg3 23. hxg3 Bg4 24. f3 Be6 25. Nf2 g5 26. b4 axb4 27. axb4 Rxa1 28. Rxa1 Nf5 29. Ne4 Nd6 30. bxc5 Nxe4 31. cxb6 Qxb6 32. fxe4 Bg4 33. Rb1 Qc7 34. Qe1 Qf7 35. Rb6 Qc7 36. Rb5 Ra8 37. Rb2 Qf7 38. Rb6 Qc7 39. Rb2 Qf7 40. Rb6 Ne7 41. Rb1 Qe8 42. Rb2 Qh5 43. Bf1 Ng8 44. Bb4 Ra7 45. Qf2 Rf7 46. Qg2 Bd7 47. Bd6 Qg6 48. c5 Qe6 49. Nb4 Nf6 50. Nd5 Ng4 51. e3 dxe3 52. Re2 Rf2 53. Rxf2 exf2+ 54. Kh1 Qf7 55. c6 Bxc6 56. Bc5 Bd7 57. Ne3 Nxe3 58. Bxe3 Qh5+ 0-1

[Event "Heusenstamm Sparkassen op-A 4th"]
[Site "Heusenstamm"]
[Date "2017.11.24"]
[Round "2"]
[White "Klundt, Klaus"]
[Black "Held, Carsten"]
[Result "1/2-1/2"]
[WhiteElo "2332"]
[BlackElo "2070"]
[PlyCount "60"]
[EventDate "2017.11.23"]
[EventType "swiss"]
[EventRounds "7"]
[EventCountry "GER"]
[SourceTitle "EXT 2019"]
[Source "ChessBase"]
[SourceDate "2018.10.10"]
[SourceVersion "1"]
[SourceVersionDate "2018.10.10"]
[SourceQuality "1"]

1. e4 c5 2. Nf3 g6 3. d4 cxd4 4. Nxd4 Bg7 5. c4 Nc6 6. Be3 Nf6 7. Nc3 d6 8. Be2 0-0 9. 0-0 Bd7 10. h3 Nxd4 11. Bxd4 Bc6 12. Qc2 Nd7 13. Bxg7 Kxg7 14. Rad1 a5 15. Bg4 Ra6 16. a4 Qb8 17. f4 f6 18. Rfe1 Nc5 19. b3 b6 20. Nd5 Ra7 21. Qb2 e5 22. f5 g5 23. Re3 Rh8 24. Bh5 Bxd5 25. Rxd5 Kf8 26. Qd2 Ke7 27. Rxc5 bxc5 28. Qd5 Qg8 29. Qc6 Qa8 30. Qxa8 Rhxa8 1/2-1/2

[Event "Heusenstamm Sparkassen op-A 4th"]
[Site "Heusenstamm"]
[Date "2017.11.23"]
[Round "1"]
[White "Held, Carsten"]
[Black "Boder, Jan"]
[Result "1-0"]
[WhiteElo "2070"]
[BlackElo "1756"]
[PlyCount "87"]
[EventDate "2017.11.23"]
[EventType "swiss"]
[EventRounds "7"]
[EventCountry "GER"]
[SourceTitle "EXT 2019"]
[Source "ChessBase"]
[SourceDate "2018.10.10"]
[SourceVersion "1"]
[SourceVersionDate "2018.10.10"]
[SourceQuality "1"]

1. Nf3 Nf6 2. c4 c5 3. g3 b6 4. Bg2 Bb7 5. 0-0 g6 6. Nc3 Bg7 7. d4 cxd4 8. Qxd4 0-0 9. Qh4 d6 10. Rd1 Qc8 11. Bg5 Re8 12. Rac1 Na6 13. Nb5 Nc5 14. Bh3 Qc6 15. Bg2 a6 16. Nc3 Qc7 17. Ne1 Rad8 18. b4 Ne6 19. Nd5 Qb8 20. Nxf6+ exf6 21. Bxf6 Bxf6 22. Qxf6 Nc7 23. Rd2 Re6 24. Qf4 Rde8 25. e3 Rd8 26. Rcd1 Ne8 27. Rd4 Kg7 28. h4 Rf6 29. Qg4 h5 30. Qe2 Re6 31. Bh3 Rf6 32. Qb2 Qc7 33. Bg2 Bxg2 34. Nxg2 Rc8 35. Nf4 Qb7 36. Nd5 Qd7 37. Nxf6 Nxf6 38. Rxd6 Qf5 39. R1d4 Qe5 40. Qc2 b5 41. c5 Ng4 42. Qe4 Qf6 43. Rxf6 Nxf6 44. Qb1 1-0

[Event "Vellmar op 9th"]
[Site "Vellmar"]
[Date "2017.07.16"]
[Round "6"]
[White "Held, Carsten"]
[Black "Viebahn, Dirk"]
[Result "1-0"]
[WhiteElo "2049"]
[BlackElo "2164"]
[PlyCount "67"]
[EventDate "2017.07.13"]
[EventType "swiss"]
[EventRounds "7"]
[EventCountry "GER"]
[SourceTitle "CBM 179 Extra"]
[Source "ChessBase"]
[SourceDate "2017.08.23"]
[SourceVersion "1"]
[SourceVersionDate "2017.08.23"]
[SourceQuality "1"]

1. Nf3 Nf6 2. c4 g6 3. g3 Bg7 4. Bg2 0-0 5. 0-0 c6 6. d4 d5 7. b3 dxc4 8. bxc4 c5 9. e3 Nc6 10. Bb2 Ne4 11. Nbd2 Nd6 12. Qc2 cxd4 13. Nxd4 Ne5 14. c5 Nf5 15. N2b3 Nxd4 16. Nxd4 Rb8 17. Rfc1 Bd7 18. a4 a6 19. Ra2 Qa5 20. Nb3 Qb4 21. Bc3 Qg4 22. Nd4 Rfc8 23. Rb2 Rxc5 24. Rxb7 Rbc8 25. Qd2 Nc4 26. Qe1 Nd6 27. h3 Qh5 28. Rxd7 Rc4 29. Bd2 Qc5 30. Rxc4 Nxc4 31. Bb4 Qb6 32. Rb7 Qd8 33. Bxe7 Qe8 34. Bc6 1-0

[Event "Vellmar op 9th"]
[Site "Vellmar"]
[Date "2017.07.13"]
[Round "1"]
[White "Powalla, Christian"]
[Black "Held, Carsten"]
[Result "1/2-1/2"]
[WhiteElo "1826"]
[BlackElo "2049"]
[PlyCount "76"]
[EventDate "2017.07.13"]
[EventType "swiss"]
[EventRounds "7"]
[EventCountry "GER"]
[SourceTitle "CBM 179 Extra"]
[Source "ChessBase"]
[SourceDate "2017.08.23"]
[SourceVersion "1"]
[SourceVersionDate "2017.08.23"]
[SourceQuality "1"]

1. e4 c5 2. c3 g6 3. d4 cxd4 4. cxd4 d5 5. e5 Nh6 6. Nc3 Bg7 7. h3 0-0 8. Bd3 Nc6 9. Nge2 b6 10. a3 Na5 11. 0-0 Bf5 12. Nf4 Bxd3 13. Nxd3 Nf5 14. Ne2 e6 15. f4 Rc8 16. g4 Ne7 17. Bd2 Nc4 18. Rf3 Nxd2 19. Qxd2 Qd7 20. Kh2 Qa4 21. Ne1 Rc7 22. Rc1 Rxc1 23. Qxc1 Rc8 24. Rc3 Rxc3 25. Qxc3 Qd1 26. Nc1 Bh6 27. Ncd3 Qe2+ 28. Kg3 g5 29. fxg5 Bxg5 30. Nf4 Bxf4+ 31. Kxf4 Ng6+ 32. Kg3 Qe4 33. Ng2 Kg7 34. Qe3 Qc2 35. Qf2 Qd3+ 36. Qe3 Qc2 37. Qf2 Qd3+ 38. Qe3 Qc2 1/2-1/2

[Event "Rhein Main op-A 20th"]
[Site "Bad Homburg"]
[Date "2017.06.15"]
[Round "3"]
[White "Wolf, Ulrich Martin"]
[Black "Held, Carsten"]
[Result "1/2-1/2"]
[WhiteElo "2178"]
[BlackElo "2050"]
[PlyCount "85"]
[EventDate "2017.06.14"]
[EventType "swiss"]
[EventRounds "7"]
[EventCountry "GER"]
[SourceTitle "EXT 2018"]
[Source "ChessBase"]
[SourceDate "2017.10.13"]
[SourceVersion "1"]
[SourceVersionDate "2017.10.13"]
[SourceQuality "1"]

1. d4 Nf6 2. Nf3 g6 3. c4 c5 4. Nc3 cxd4 5. Nxd4 Nc6 6. e4 d6 7. Be2 Bg7 8. Be3 0-0 9. 0-0 Bd7 10. f3 Nxd4 11. Bxd4 Bc6 12. Qd2 Nd7 13. Be3 a5 14. Rab1 Nc5 15. b3 Be5 16. Rfd1 Qc7 17. Nd5 Bxd5 18. cxd5 Rfc8 19. Rdc1 Qd8 20. Bb5 Qf8 21. Rc4 f5 22. exf5 Qxf5 23. Rbc1 b6 24. Rf1 Rf8 25. g4 Qc8 26. h3 Rf7 27. Kg2 Qc7 28. f4 Bg7 29. Rcc1 Raf8 30. Bd3 Qb7 31. Bb1 Bh6 32. Kg3 Bg7 33. h4 Re8 34. f5 gxf5 35. gxf5 Be5+ 36. Kh3 Kh8 37. Rg1 Qc8 38. Rcf1 Rg8 39. Rg5 Bf6 40. Bd4 Nd7 41. Rfg1 Rff8 42. Kh2 Qe8 43. Be4 1/2-1/2

[Event "Heusenstamm Sparkassen op-A 3rd"]
[Site "Heusenstamm"]
[Date "2016.11.27"]
[Round "7"]
[White "Held, Carsten"]
[Black "Zimmer, Gerald"]
[Result "1-0"]
[WhiteElo "2046"]
[BlackElo "1929"]
[PlyCount "81"]
[EventDate "2016.11.24"]
[EventType "swiss"]
[EventRounds "7"]
[EventCountry "GER"]
[SourceTitle "EXT 2018"]
[Source "ChessBase"]
[SourceDate "2017.10.13"]
[SourceVersion "1"]
[SourceVersionDate "2017.10.13"]
[SourceQuality "1"]

1. Nf3 Nf6 2. c4 e6 3. g3 b6 4. Bg2 Bb7 5. 0-0 c5 6. d4 cxd4 7. Qxd4 Bc5 8. Qf4 Nc6 9. Nc3 Ne7 10. Nb5 0-0 11. Nd6 Bc6 12. Rd1 Ng6 13. Qd2 Qe7 14. b3 Rfd8 15. Bb2 Ne8 16. Nxe8 Qxe8 17. h4 Bf8 18. Qc2 f6 19. e4 Rac8 20. h5 Ne7 21. h6 Qg6 22. hxg7 Bxg7 23. Nd4 Kf7 24. Qe2 e5 25. Nf3 Kg8 26. Nh4 Qf7 27. Bh3 Rc7 28. Ba3 Nc8 29. Nf5 Bf8 30. Bxf8 Kxf8 31. Bg4 Qg6 32. Kg2 Ne7 33. f3 h5 34. Nh4 Qf7 35. Bf5 Kg7 36. Rh1 Rh8 37. Rad1 Nxf5 38. Nxf5+ Kf8 39. Qd2 Qe6 40. Rh4 Rc8 41. Rdh1 1-0

[Event "Korbach op 8th"]
[Site "Korbach"]
[Date "2016.10.21"]
[Round "3"]
[White "Held, Carsten"]
[Black "Schroeder, Kevin"]
[Result "1/2-1/2"]
[WhiteElo "2018"]
[BlackElo "2266"]
[PlyCount "96"]
[EventDate "2016.10.20"]
[EventType "swiss"]
[EventRounds "7"]
[EventCountry "GER"]
[SourceTitle "CBM 175 Extra"]
[Source "ChessBase"]
[SourceDate "2016.12.12"]
[SourceVersion "1"]
[SourceVersionDate "2016.12.12"]
[SourceQuality "1"]

1. Nf3 Nf6 2. c4 e6 3. g3 b6 4. Bg2 Bb7 5. 0-0 Be7 6. b3 0-0 7. Bb2 d6 8. d4 Nbd7 9. Nc3 Ne4 10. Nxe4 Bxe4 11. Nd2 Bxg2 12. Kxg2 f5 13. e3 c6 14. Qe2 Qe8 15. f3 Qh5 16. Rae1 e5 17. f4 Qxe2+ 18. Rxe2 e4 19. Nb1 Kf7 20. Nc3 Nf6 21. a4 Rfc8 22. Rc1 h6 23. Ba3 Ke6 24. Rd2 Kd7 25. d5 c5 26. Ra1 Rg8 27. Bb2 g5 28. Kh1 h5 29. Rg1 Rg6 30. Nd1 Nh7 31. Rgg2 Rag8 32. Kg1 h4 33. gxh4 gxf4 34. exf4 Nf6 35. Ne3 Nh5 36. Rxg6 Rxg6+ 37. Rg2 Nxf4 38. Rxg6 Nxg6 39. Nxf5 Bxh4 40. Bc1 Bf6 41. Be3 Ne5 42. Ng3 Nf3+ 43. Kf1 Nxh2+ 44. Ke2 Ng4 45. Nxe4 Bg7 46. Bf4 Be5 47. Kf3 Bxf4 48. Kxg4 Be5 1/2-1/2

[Event "Wiesbaden op 28th"]
[Site "Wiesbaden"]
[Date "2016.08.27"]
[Round "5"]
[White "Held, Carsten"]
[Black "Heinemann, Ernst"]
[Result "1/2-1/2"]
[WhiteElo "1989"]
[BlackElo "2177"]
[PlyCount "47"]
[EventDate "2016.08.25"]
[EventType "swiss"]
[EventRounds "7"]
[EventCountry "GER"]
[SourceTitle "CBM 174 Extra"]
[Source "ChessBase"]
[SourceDate "2016.10.10"]
[SourceVersion "1"]
[SourceVersionDate "2016.10.10"]
[SourceQuality "1"]

1. Nf3 g6 2. c4 c5 3. g3 Bg7 4. Nc3 Nc6 5. Bg2 Nh6 6. d3 Nf5 7. Rb1 a6 8. a3 Rb8 9. Ne4 d6 10. b4 cxb4 11. axb4 b5 12. cxb5 axb5 13. Bb2 e5 14. Bc3 0-0 15. 0-0 d5 16. Nc5 e4 17. dxe4 Bxc3 18. exf5 Bxf5 19. Rb3 Bf6 20. e3 Qb6 21. Qd2 Rb7 22. Nd4 Nxd4 23. exd4 Re8 24. Ra1 1/2-1/2

[Event "Vellmar op 8th"]
[Site "Vellmar"]
[Date "2016.07.29"]
[Round "2"]
[White "Koronowski, Heinz Juergen"]
[Black "Held, Carsten"]
[Result "0-1"]
[WhiteElo "1730"]
[BlackElo "1989"]
[PlyCount "70"]
[EventDate "2016.07.28"]
[EventType "swiss"]
[EventRounds "7"]
[EventCountry "GER"]
[SourceTitle "CBM 173 Extra"]
[Source "ChessBase"]
[SourceDate "2016.08.29"]
[SourceVersion "1"]
[SourceVersionDate "2016.08.29"]
[SourceQuality "1"]

1. e4 g6 2. d4 Bg7 3. Nc3 d6 4. Nf3 a6 5. a4 b6 6. Be2 Nd7 7. Bf4 e6 8. Qd2 h6 9. e5 d5 10. b4 Ne7 11. 0-0 c5 12. bxc5 bxc5 13. dxc5 Nxc5 14. Qe3 Qc7 15. Nd4 Nd7 16. Rfc1 Bxe5 17. Bxe5 Qxe5 18. Qxe5 Nxe5 19. f4 N5c6 20. Nxc6 Nxc6 21. Rab1 Ra7 22. Bd3 Kd7 23. Ne2 Rd8 24. c3 Bb7 25. Kf2 Rc8 26. Ke3 Na5 27. g3 Nc4+ 28. Kd4 Kd6 29. Bc2 Bc6 30. Ra1 Rb7 31. Ra2 Be8 32. Rb1 Rxb1 33. Bxb1 f6 34. Kd3 e5 35. fxe5+ fxe5 0-1

[Event "Rhein Main op-A 19th"]
[Site "Bad Homburg"]
[Date "2016.05.28"]
[Round "5"]
[White "Held, Carsten"]
[Black "Kremer, Andre"]
[Result "1-0"]
[WhiteElo "2053"]
[BlackElo "1897"]
[PlyCount "113"]
[EventDate "2016.05.25"]
[EventType "swiss"]
[EventRounds "7"]
[EventCountry "GER"]
[SourceTitle "EXT 2017"]
[Source "ChessBase"]
[SourceDate "2016.10.25"]
[SourceVersion "1"]
[SourceVersionDate "2016.10.25"]
[SourceQuality "1"]

1. g3 Nf6 2. Bg2 e5 3. c4 c6 4. Nc3 Be7 5. e4 d6 6. d3 Qb6 7. Rb1 0-0 8. Be3 Qd8 9. h3 Na6 10. Nge2 Nc7 11. Qb3 b5 12. cxb5 Be6 13. Qa4 cxb5 14. Qa5 b4 15. Qxb4 Qd7 16. Qa5 Rfb8 17. 0-0 d5 18. Bc5 Bxc5 19. Qxc5 d4 20. Nd1 Rb5 21. Qa3 Bxh3 22. b3 h5 23. Nb2 h4 24. Nc4 Bxg2 25. Kxg2 h3+ 26. Kh2 Ng4+ 27. Kh1 Ne8 28. Ng1 h2 29. Nf3 Qe6 30. Kg2 Rc8 31. Nxh2 f5 32. exf5 Qxf5 33. Nxg4 Qxg4 34. Rbe1 Qe6 35. Re2 Nf6 36. Qd6 Rc6 37. Qd8+ Kf7 38. Rfe1 e4 39. Qxd4 Rh5 40. Qxa7+ Kg8 41. dxe4 Qh3+ 42. Kf3 Qg4+ 43. Ke3 Qxe4+ 44. Kd2 Rd5+ 45. Kc1 Qf5 46. Re7 Nh5 47. Qa8+ Rc8 48. Re8+ Rxe8 49. Rxe8+ Kh7 50. Rh8+ Kg6 51. Qe8+ Qf7 52. Ne5+ Rxe5 53. Qxe5 Nf6 54. Rh4 Qa7 55. Qe2 Qa3+ 56. Qb2 Qc5+ 57. Qc2+ 1-0

[Event "Rhein Main op-A 19th"]
[Site "Bad Homburg"]
[Date "2016.05.25"]
[Round "1"]
[White "Held, Carsten"]
[Black "Bajorski, Marius"]
[Result "1/2-1/2"]
[WhiteElo "2053"]
[BlackElo "1793"]
[PlyCount "31"]
[EventDate "2016.05.25"]
[EventType "swiss"]
[EventRounds "7"]
[EventCountry "GER"]
[SourceTitle "EXT 2017"]
[Source "ChessBase"]
[SourceDate "2016.10.25"]
[SourceVersion "1"]
[SourceVersionDate "2016.10.25"]
[SourceQuality "1"]

1. Nf3 Nf6 2. c4 c5 3. g3 b6 4. Bg2 Bb7 5. Nc3 e6 6. 0-0 a6 7. d4 cxd4 8. Qxd4 Nc6 9. Qf4 Be7 10. Rd1 0-0 11. b3 Qb8 12. Bb2 Qxf4 13. gxf4 Rfd8 14. Ne5 Rac8 15. Na4 b5 16. Nb6 1/2-1/2

[Event "Wunsiedel op 10th"]
[Site "Wunsiedel"]
[Date "2016.05.05"]
[Round "1"]
[White "Bulmaga, Irina"]
[Black "Held, Carsten"]
[Result "1-0"]
[WhiteElo "2360"]
[BlackElo "2053"]
[PlyCount "53"]
[EventDate "2016.05.05"]
[EventType "swiss"]
[EventRounds "7"]
[EventCountry "GER"]
[SourceTitle "CBM 172 Extra"]
[Source "ChessBase"]
[SourceDate "2016.06.21"]
[SourceVersion "1"]
[SourceVersionDate "2016.06.21"]
[SourceQuality "1"]

1. e4 g6 2. d4 Bg7 3. Nf3 d6 4. c3 b6 5. Bd3 e6 6. 0-0 Ne7 7. Bf4 Bb7 8. a4 a6 9. Na3 Nd7 10. Re1 h6 11. Nc2 0-0 12. h3 Re8 13. Qc1 g5 14. Bd2 Nf8 15. h4 g4 16. Nh2 h5 17. Nf1 Nfg6 18. Ng3 Nxh4 19. Nxh5 Neg6 20. Bg5 f6 21. Bh6 Bh8 22. Ne3 Re7 23. Nxg4 Rh7 24. Bc4 Qe7 25. Ng3 Qf7 26. f3 Re8 27. Kf2 1-0